ENTREPRENEURSHIP AND NEW VENTURE MANAGEM (Record no. 26667)

MARC details
000 -LEADER
fixed length control field 00385nam a2200145Ia 4500
008 - FIXED-LENGTH DATA ELEMENTS--GENERAL INFORMATION
fixed length control field 240624s9999 xx 000 0 und d
041 ## - LANGUAGE CODE
Language code of text/sound track or separate title eng
082 ## - DEWEY DECIMAL CLASSIFICATION NUMBER
Classification number 658.421 AAR
100 ## - MAIN ENTRY--PERSONAL NAME
Personal name AARDT VAN
245 ## - TITLE STATEMENT
Title ENTREPRENEURSHIP AND NEW VENTURE MANAGEM
250 ## - EDITION STATEMENT
Edition statement (5th ed.)
260 ## - PUBLICATION, DISTRIBUTION, ETC.
Date of publication, distribution, etc. 2014
Place of publication, distribution, etc. South Africa
Name of publisher, distributor, etc. Oxford University Press
300 ## - PHYSICAL DESCRIPTION
Extent 477 : p. : cm. ; 23
365 ## - TRADE PRICE
Currency code GBP
Price amount 29
Holdings
Withdrawn status Lost status Damaged status Not for loan Home library Current library Shelving location Date acquired Source of acquisition Cost, normal purchase price Full call number Barcode Date last seen Copy number Price effective from Koha item type
        IMTN IMTN Rack 29-B 02/23/2016 RW 19.99 658.421 AAR 26667 06/24/2024 105.6 06/24/2024 Books
Designed & Maintained by: LRC IMT Nagpur Contact: lrc@imtnag.ac.in© 2024. All Rights Reserved.